Máme se bát Ruska? : dramata a osudy největší země světa /

Main Author: Salminen, Veronika, 1976-
Language: Czech
Published: V Praze : Daranus, 2019
Subjects:
Online Access: Digitalizovaný dokument
Physical Description: 345 stran : mapy ; 22 cm
Book
Saved in:
LEADER 02386cam a2200637 i 4500
001 nkc20193156397
003 CZ PrNK
005 20200225100758.0
007 ta
008 191106s2019 xr b f 000 0 cze d
015 |a cnb003156397 
020 |a 978-80-87423-90-5  |q (vázáno) 
035 |a (OCoLC)1143815626 
040 |a OSA001  |b cze  |d BOA001  |e rda 
043 |a e-ru--- 
072 7 |a 327  |x Mezinárodní vztahy, světová politika  |2 Konspekt  |9 15 
080 |a 32(091)  |2 MRF 
080 |a 32:911.3  |2 MRF 
080 |a 327.2  |2 MRF 
080 |a 327  |2 MRF 
080 |a 323  |2 MRF 
080 |a 94(470+571)  |2 MRF 
080 |a 94(47+57)  |2 MRF 
080 |a (048.8)  |2 MRF 
100 1 |a Salminen, Veronika,  |d 1976-  |7 xx0191196  |4 aut 
245 1 0 |a Máme se bát Ruska? :  |b dramata a osudy největší země světa /  |c Veronika Salminen 
264 1 |a V Praze :  |b Daranus,  |c 2019 
300 |a 345 stran :  |b mapy ;  |c 22 cm 
336 |a text  |b txt  |2 rdacontent 
337 |a bez média  |b n  |2 rdamedia 
338 |a svazek  |b nc  |2 rdacarrier 
504 |a Obsahuje bibliografii a bibliografické odkazy 
650 0 7 |a politické dějiny  |7 ph311269  |z Rusko  |2 czenas 
650 0 7 |a geopolitika  |7 ph120543  |z Rusko  |2 czenas 
650 0 7 |a imperialismus  |7 ph121038  |z Rusko  |2 czenas 
650 0 7 |a zahraniční politika  |7 ph127522  |z Rusko  |2 czenas 
650 0 9 |a political history  |z Russia  |2 eczenas 
650 0 9 |a geopolitics  |z Russia  |2 eczenas 
650 0 9 |a imperialism  |z Russia  |2 eczenas 
650 0 9 |a foreign policy  |z Russia  |2 eczenas 
651 7 |a Rusko  |7 ge128566  |x společnost a politika  |2 czenas 
651 7 |a Rusko  |7 ge128566  |x dějiny  |2 czenas 
651 7 |a Sovětský svaz  |7 ge128583  |x dějiny  |2 czenas 
651 9 |a Russia  |x society and politics  |2 eczenas 
651 9 |a Russia  |x history  |2 eczenas 
651 9 |a Soviet Union  |x history  |2 eczenas 
655 7 |a monografie  |7 fd132842  |2 czenas 
655 9 |a monographs  |2 eczenas 
856 4 1 |u http://www.digitalniknihovna.cz/mzk/uuid/uuid:3da0c1f0-3cca-11ee-a184-005056827e52  |y Digitalizovaný dokument  |x NDK 
910 2 |a BOA001  |b 2-1439.819 
920 |a 000779195  |z OSA001 
990 |a BK 
995 |a 01 
991 |b 202001  |c NOV 
996 6 |b 2610812620  |c 2-1439.819  |l MZK  |r Sklad / do 1 hodiny  |n 5  |p p.v.  |w 001777670  |u 000010  |a 1  |e BOA001  |j MZK50  |s P 
996 7 |b 2610813730  |c 2-1439.819  |l Vol.výběr  |r VV 0p  |n 15  |p kup  |h 327 SAL  |w 001777670  |u 000020  |a 0  |e BOA001  |j MZK50  |s A